Statistics for Portland Airport (PDX) Destinations

Click here to take the quiz!

General Stats

  • This quiz has been taken 326 times
    (282 since last reset)
  • The average score is 56 of 81

Answer Stats

HintAnswer% Correct
Alaska Air, Southwest, United, United ExpressSan Francisco
95%
Alaska Air, American, Spirit AirlinesDallas/Fort Worth
94%
SouthwestDallas-Love
94%
Air Canada, Alaska AirVancouver
94%
Alaska Air, DeltaAtlanta
93%
Alaska Air, JetBlueBoston
93%
SouthwestChicago-Midway
93%
Alaska Air, American, Frontier, Spirit Airlines, UnitedChicago-O'hare
93%
SouthwestHouston-Hobby
93%
UnitedHouston-Intercontinental
93%
Alaska Air, American Eagle, Delta, SouthwestLos Angeles
93%
Alaska Air, Delta, JetBlueNew York-JFK
93%
Alaska Air, SouthwestSan Diego
93%
Alaska Air, Delta, Delta ConnectionSeattle/Tacoma
93%
Alaska Air, Delta, JetBlueAnchorage
90%
Frontier, Southwest, United, United ExpressDenver
90%
Alaska Air, Southwest, Spirit AirlinesLas Vegas
90%
Alaska Air, American, Frontier, SouthwestPhoenix
90%
Air CanadaToronto-Pearson
90%
Air CanadaCalgary
89%
AeromexicoMexico City
89%
Alaska Air, Delta, Spirit AirDetroit
88%
Alaska Air, Delta, Hawaiian AirlinesHonolulu
88%
Alaska AirSan Jose del Cabo
88%
Alaska Air, Delta, Sun CountryMinneapolis/St. Paul
87%
UnitedWashington-Dulles
87%
Alaska AirWashington-National
87%
Alaska Air, SouthwestSan Jose (CA)
85%
Alaska Air, Frontier, SouthwestAustin
84%
Alaska AirOrlando
84%
Alaska Air, AmericanPhiladelphia
84%
AmericanCharlotte
82%
Alaska Air, SouthwestKansas City
82%
Alaska Air, SouthwestSacramento
82%
DeltaLondon-Heathrow
81%
Alaska Air, UnitedNewark
81%
Alaska Air, Delta, Delta ConnectionSalt Lake City
80%
Alaska AirBoise
78%
Alaska Air, SouthwestOakland
78%
Alaska Air, SouthwestBaltimore
76%
Alaska AirReno/Tahoe
75%
DeltaTokyo-Narita
75%
Alaska AirSpokane
74%
Alaska Air, SouthwestSt. Louis
73%
FrontierCleveland
72%
Alaska AirEugene
70%
Alaska Air, SouthwestAlbuquerque
68%
Alaska AirTucson
68%
Alaska AirFresno
65%
Alaska Air, SouthwestOrange County
64%
VolarisGuadalajara
62%
IcelandairReykjavik
62%
CondorFrankfurt
61%
DeltaAmsterdam
60%
Alaska AirMilwaukee
60%
Alaska AirBillings
59%
Alaska AirMedford
59%
Alaska AirRedmond/Bend
58%
JetBlueLong Beach
56%
Alaska Air, SouthwestOntario
55%
Alaska Air, SouthwestBurbank
54%
Alaska AirKailua-Kona
52%
Alaska AirOmaha
52%
Alaska AirBozeman
49%
Alaska AirMissoula
48%
Alaska AirPalm Springs
45%
Alaska Air, Hawaiian AirKahului
43%
Alaska AirSanta Barbara
41%
Alaska AirLihue
40%
PenAirRedding
38%
Alaska AirBellingham
35%
Alaska AirSanta Rosa
34%
Alaska AirPuerto Vallarta
33%
PenAirEureka/Arcata
32%
Alaska AirKalispell
32%
PenAirNorth Bend/Coos Bay
31%
Alaska AirTri-Cities (WA)
28%
PenAirKlamath Falls
22%
Boutique Air, SeaPort AirlinesPendleton
21%
Alaska AirSun Valley
21%
PenAirCrescent City
8%

Score Distribution

Percentile by Number Answered

Percent of People with Each Score

Your Score History

You have not taken this quiz since the last reset